1819 1869 1895 1892 1865 1245 1599 1264 1702 1765 1485 1204 1028 1272 1847 1475 1675 1540 1906 1015 1420 1295 1598 1853 1408 1961 1294 1340 1205 1041 1533 1717 1860 1777 1689 1536 1053 1127 1389 1951 1598 1691 1077 1215 1644 1333 1774 1385 1307 1399 1955 1104 1766 1659 1212 1953 1522 1704 1674 1882 1176 1494 1265 1583 1041 1568 1917 1002 1905 1837 1272 1928 1432 1393 1551 1422 1489 1676 1796 1326 1240 1833 1567 1839 1497 1589 1464 1563 1148 1000 1230 1426 1340 1473 1360 1973 1694 1758 1641 BCNSPRNW ULIB Ver.6.0+V

เปลี่ยนเป็นภาษาไทย

Change to English
 แสดงรายละเอียดบรรณานุกรม
  กลับหน้าหลัก

Brief Record : Get Marc (ISO 2709) : E-mail record : QR code < ปิดหน้าต่าง
LEADER : 00000nam 2200000uu 4500
001    13399114312
003     ULIB
008    120321s2551||||th 000 0 tha d
020    ^a9786110600194
090    ^aนว.^bP111D 2551
100 0  ^apiana
245 00 ^aDestiny of Love โชคชะตารักเปิดประตูใจคุณชายแบดบอย/^cpiano
250    ^aพิมพ์ครั้งที่ 1
260    ^aกรุงเทพฯ :^bแจ่มใส,^c2551
300    ^a224หน้า
710 1  ^aแจ่มใส
945    ^p169^l0^i15780
995    ^aกัณชพร
999    ^aใช้งานได้ทุกระบบ
รายการนี้ยังไม่มีแท็ก
คุณยังไม่ได้ล็อกอิน คุณสามารถมีกิจกรรมร่วมกับเว็บไซต์ได้ แต่ต้องล็อกอินก่อน ::
  ล็อกอิน

รายการสื่อสารสนเทศ

ลำดับที่ ประเภท เลขเรียก/บาร์โค้ด สถานที่ สถานะ
1. นวนิยาย
นวนิยาย
นว. P111D 2551  
  Barcode: 15780
ห้องสมุดวิทยาเขตสวรรค์ประชารักษ์
►นวนิยาย
บนชั้น
  ขอยืม

BibComment


ยังไม่เคยถูกคอมเมนท์

คอมเมนท์ทรัพยากรรายการนี้
  คอมเมนท์: Destiny of Love ..


 Copyright 2026. Bcnsprnw @Library